00663nab a2200205 uc450000100070000000500170000700800410002403500110006503500210007604000130009704100080011010000450011824500610016365000240022465000310024865000290027977301200030894200100042899900190043855807820240201132552.0991022e19990601 spa  a558078 a(OCoLC)819814734 ccomduadb aspa10aParamo Sureda, Ernesto4auteaut951440310aParque de las ciencias de Granada: Ventanas al laberinto 7aCiencia2lemb91783 7aTecnología2lemb9122594 aMuseo de ciencias9278960 tChasqui : Revista Latinoamericana de Comunicación (Quito)gNo. 066, Jun. 1999, p. 31-33w126705x1390-1079070411 cARIMP c134539d134539